书目信息 |
| 题名: |
侨乡三楼
|
|
| 作者: | 司徒尚纪, 著 | |
| 分册: | ||
| 出版信息: | 广州 广东经济出版社 2015.03 |
|
| 页数: | 10, 158页, 4页图版 | |
| 开本: | 24cm | |
| 丛书名: | 海上丝绸之路研究书系 | |
| 单 册: | ||
| 中图分类: | TU241.5 | |
| 科图分类: | ||
| 主题词: | 华侨--hua qiao--民居--建筑艺术--研究--开平 , 华侨--hua qiao--商业建筑--建筑艺术--研究--开平 | |
| 电子资源: | ||
| ISBN: | 978-7-5454-3779-9 | |
| 000 | 01218nam 2200313 450 | |
| 001 | 0100195267 | |
| 005 | 20201116143827.27 | |
| 010 | @a978-7-5454-3779-9@dCNY35.00 | |
| 100 | @a20150416d2015 em y0chiy50 ea | |
| 101 | 0 | @achi |
| 102 | @aCN@b440000 | |
| 105 | @aabf a 000yy | |
| 106 | @ar | |
| 200 | 1 | @a 侨乡三楼@Aqiao xiang san lou@e华侨华人之路的丰碑@f司徒尚纪著@Fsi tu shang ji zhu |
| 210 | @a广州@c广东经济出版社@d2015.03 | |
| 215 | @a10, 158页, 4页图版@c图, 地图@d24cm | |
| 225 | 2 | @a海上丝绸之路研究书系@Ahai shang si chou zhi lu yan jiu shu xi@i星座篇@v4 |
| 320 | @a有书目 (第158页) | |
| 330 | @a本书共分为: 第一楼: 开平碉楼 ; 第二楼: 侨墟骑楼 ; 客侨排屋楼几部分, 主要内容包括: 社会动荡的产儿 ; 碉楼选址布局 ; 碉楼规划和设计 ; 中西合璧的建筑文化风格等。 | |
| 410 | 0 | @12001 @a海上丝绸之路研究书系@i星座篇@v4 |
| 517 | 1 | @a华侨华人之路的丰碑@Ahua qiao hua ren zhi lu de feng bei |
| 540 | @a侨乡三楼 | |
| 606 | 0 | @a华侨@Ahua qiao@x民居@x建筑艺术@x研究@y开平 |
| 606 | 0 | @a华侨@Ahua qiao@x商业建筑@x建筑艺术@x研究@y开平 |
| 690 | @aTU241.5@v5 | |
| 701 | 0 | @a司徒尚纪,@Asi tu shang ji@f1943-@4著 |
| 801 | @aCN | |
| 901 | @a19 | |
| 905 | @a河南城建学院图书馆@b1274700-2@dTU241.5@eS703@f3 | |
| 侨乡三楼:华侨华人之路的丰碑/司徒尚纪著.-广州:广东经济出版社,2015.03 |
| 10, 158页, 4页图版:图, 地图;24cm.-(海上丝绸之路研究书系.星座篇;4) |
| ISBN 978-7-5454-3779-9:CNY35.00 |
| 本书共分为: 第一楼: 开平碉楼 ; 第二楼: 侨墟骑楼 ; 客侨排屋楼几部分, 主要内容包括: 社会动荡的产儿 ; 碉楼选址布局 ; 碉楼规划和设计 ; 中西合璧的建筑文化风格等。 |
| ● |
| 相关链接 |
|
|
|
正题名: 侨乡三楼
索取号:TU241.5/S703
 
预约/预借
| 序号 | 登录号 | 条形码 | 馆藏地/架位号 | 状态 | 备注 |
| 1 | 1274700 | 212747007 | 建筑库101/101建筑库 65排7列1层/ [索取号:TU241.5/S703] | 在馆 | |
| 2 | 1274701 | 212747014 | 建筑库101/101建筑库 65排7列1层/ [索取号:TU241.5/S703] | 在馆 | |
| 3 | 1274702 | 212747021 | 建筑库101/101建筑库 65排7列1层/ [索取号:TU241.5/S703] | 在馆 |